| 000 | 00523nam a2200181Ia 4500 | ||
|---|---|---|---|
| 005 | 20250508150739.0 | ||
| 008 | 008 250505s9999 xx 000 0 eng d | ||
| 037 | _aTextual | ||
| 040 |
_aFEDL _beng _cFEDL |
||
| 041 |
_aeng _2eng |
||
| 084 |
_a371.93, GOO _qFEDL |
||
| 100 |
_aGoodman W L _9757530 |
||
| 245 | 0 | _aAnton simeonovitch makarenko Russian teacher | |
| 260 |
_aLondon, UK _bRoutledge and Kegan Paul Ltd _c1949 |
||
| 300 | _axi,146p. | ||
| 942 |
_cTEXL _h371.93, GOO |
||
| 999 |
_c1325418 _d1325418 |
||